000 00606nam a22001937a 4500
005 20251108173059.0
008 250721s2005 xx 000 0 ara d
020 _a996047092x
082 1 4 _a213.1/ جمع
100 1 _aجمعة، عماد علي
_eمؤلف
245 1 0 _aمصطلح الحديث الميسر /
264 1 _aالرياض :
_bدار المسلم للنشر و التوزيع،
_c2005.
300 _a80ص.
490 0 _aسلسلة العلوم الإسلامية الميسرة
_v4
650 1 7 _aالحديث
650 1 7 _aعلم المصطلح
942 _2ddc
_cBK
999 _c95609
_d95609